| 000 | 01772nam a2200253Ia 4500 | ||
|---|---|---|---|
| 008 | 260220t1983||||xx |||||||||||||| ||spa|| | ||
| 020 | _a9687270101 | ||
| 040 |
_aPY-SlUNAC _bspa _erda |
||
| 041 | _aspa | ||
| 082 |
_a540 _bM844q |
||
| 100 |
_aMortimer, Charles E. _eAutor |
||
| 245 | 0 |
_aQuímica / _cpor Charles E. Mortimer [Autor] |
|
| 264 |
_aCiudad de México : _bIberoamericana, _c℗1983. |
||
| 300 | _a767 páginas | ||
| 520 | _aEl libro "Química" de Charles E. Mortimer es una obra fundamental que aborda los principios y conceptos básicos de la química de manera clara y accesible. A lo largo de sus capítulos, Mortimer explora temas esenciales como la estructura atómica, enlaces químicos, reacciones y termodinámica, integrando tanto la teoría como ejemplos prácticos que facilitan la comprensión del estudiante. Se destacan las aplicaciones de la química en contextos cotidianos y tecnológicos, fomentando un enfoque crítico y analítico en la resolución de problemas. El texto también incluye ejercicios y preguntas al final de cada capítulo, lo que permite a los lectores evaluar su aprendizaje y profundizar en los temas tratados. La obra se caracteriza por su rigor científico, pero también por su capacidad para motivar el interés en la disciplina, convirtiéndola en una valiosa herramienta educativa para estudiantes de secundaria y nivel universitario. En conjunto, este libro representa una introducción integral a la química moderna y sus relevancias en el mundo contemporáneo. | ||
| 653 | _aCiencia | ||
| 653 | _aEducación | ||
| 653 | _aQuímica | ||
| 942 |
_b2026/02/17 _cBK |
||
| 999 |
_c7851 _d7851 |
||